| 000 | 00418nam a2200133Ia 4500 | ||
|---|---|---|---|
| 008 | 250506s9999 xx 000 0 und d | ||
| 024 | _a00B-26-BCS3 | ||
| 082 | _a658.05072 FUR | ||
| 100 | _aFurqan A. Saeed Khan | ||
| 245 | 0 | _aE-Commerce Project: universel trade online website www.universetradeonline.org | |
| 260 |
_aKarachi: _bUIT, _c2000 |
||
| 600 | _aComputer Science | ||
| 650 | _aBachelor of Computer Science (BS) | ||
| 999 |
_c28725 _d28725 |
||